Home Print Resources E-Books E-Journals IIMT Lecture Series Library Membership Form Book Recommendation Form Campus Tour Take AdmissionAbout Us Contact Us

GRAPH THEARY (Record no. 43993)

000 -LEADER
fixed length control field nam a22 7a 4500
003 - CONTROL NUMBER IDENTIFIER
control field OSt
005 - DATE AND TIME OF LATEST TRANSACTION
control field 20180417104638.0
008 - FIXED-LENGTH DATA ELEMENTS--GENERAL INFORMATION
fixed length control field 180417b xxu||||| |||| 00| 0 eng d
040 ## - CATALOGING SOURCE
Transcribing agency IIMT
100 ## - MAIN ENTRY--PERSONAL NAME
Personal name HARARY,FRANK
245 ## - TITLE STATEMENT
Title GRAPH THEARY
260 ## - PUBLICATION, DISTRIBUTION, ETC.
Place of publication, distribution, etc. NEW DELHI
Name of publisher, distributor, etc. NAROSA
Date of publication, distribution, etc. 2001
300 ## - PHYSICAL DESCRIPTION
Extent 286
942 ## - ADDED ENTRY ELEMENTS (KOHA)
Source of classification or shelving scheme
Koha item type Text-Book- for 7 days
Holdings
Withdrawn status Lost status Source of classification or shelving scheme Damaged status Not for loan Home library Current library Date acquired Source of acquisition Cost, normal purchase price Total Checkouts Full call number Barcode Date last seen Price effective from Koha item type
          NOIDA IIMT College of Engineering M.Tech NOIDA IIMT College of Engineering M.Tech 04/17/2018 KIRTI 175.00   511.1 HAR 23-B-125 04/17/2018 04/17/2018 Text-Book- for 7 days
          NOIDA IIMT College of Engineering M.Tech NOIDA IIMT College of Engineering M.Tech 04/17/2018 KIRTI 175.00   511.1 HAR 23-B-126 04/17/2018 04/17/2018 Text-Book- for 7 days
          NOIDA IIMT College of Engineering M.Tech NOIDA IIMT College of Engineering M.Tech 04/17/2018 KIRTI 175.00   511.1 HAR 23-B-127 04/17/2018 04/17/2018 Text-Book- for 7 days
          NOIDA IIMT College of Engineering M.Tech NOIDA IIMT College of Engineering M.Tech 04/17/2018 KIRTI 175.00   511.1 HAR 23-B-128 04/17/2018 04/17/2018 Text-Book- for 7 days
IIMT, Central Library. All Rights Reserved IIMT,UNIVERSITY © 2023
Implemented and Customised by I CLOUDE EMS
You Are OPAC Visitor No
free web counter

Powered by Koha